| 000 | 00550nam a2200193Ia 4500 | ||
|---|---|---|---|
| 008 | 200819s9999||||xx |||||||||||||| ||und|| | ||
| 020 | _a0840775180 | ||
| 020 | _a9780840775184 | ||
| 041 | _aeng | ||
| 050 |
_aBT202 _b.R174 1985 |
||
| 100 | _aRamm, Bernard L. | ||
| 245 | 3 |
_aAn evangelical Christology: _becumenic & historic / _cBernard L. Ramm |
|
| 260 |
_aNashville : _bT. Nelson, _c1985 |
||
| 300 |
_a229 p. _b; _c24 cm. |
||
| 650 | _aChristology. | ||
| 650 | _aJesus Christ History of doctrines. | ||
| 650 | _aJesus Christ. | ||
| 999 |
_c13634 _d13634 |
||